000 00492cam a2200193ua 4500
001 6109
008 131119n ii |||gr||||Z||||||eng
020 _a0-256-02789-7
040 _cMAIN
082 _a657.42
245 _aCost Accounting
_cBy Edward B. Deakin
260 _aJapan:
_bRichard D. Irwin,INC,
_c1984.
300 _axxIII.995p.
653 _aCommerce
653 _aCost Accounting
700 _aDeakin,Edward B.,
_eAuthor.,
700 _aMaher,Michael W.,
_eAuthor.
942 _cBK
999 _c5261
_d5261